Nieistniejące Państwa wg. Medali na IO - Statystyki

Ogólne statystyki
  • Ten quiz został rozwiązany 37 razy
  • Średni wynik to 5 z 15
Statystyki odpowiedzi
Liczba Medali Państwo % Poprawnych
143 Czechosłowacja
100%
83 Jugosławia
97%
409 NRD
94%
1,010 ZSRR
94%
204 RFN
83%
9 Serbia i Czarnogóra
20%
0 Jemen Północny
6%
0 Jemen Południowy
6%
4 Bohemia
3%
2 Federacja Indii Zachodnich
3%
8 Imperium Rosyjskie
3%
0 Protektorat Saary
3%
1 Antyle Holenderskie
0%
0 Borneo Północne
0%
0 Federacja Malajska
0%
Nie znaleziono quizów pasujących do podanych kryteriów
Rozkład punktacji
Procent ludzi z każdym wynikiem
Percentyl według liczby udzielonych odpowiedzi
Twoja historia wyników
Nie rozwiązałeś tego quizu